[Event "Santiago de Compostela Bicapawn GP B2"]
[Site "Santiago de Compostela"]
[Date "2022.10.20"]
[Round "6"]
[White "Van Dael, Siem"]
[Black "Varela Fernandez, Andres"]
[Result "1-0"]
[WhiteElo "2359"]
[BlackElo "2042"]
[PlyCount "33"]
[EventDate "2022.10.20"]
[EventType "swiss (blitz)"]
[EventRounds "9"]
[EventCountry "ESP"]
[SourceTitle "CBM 210 Extra"]
[Source "ChessBase"]
[SourceDate "2022.11.30"]
[SourceVersion "1"]
[SourceVersionDate "2022.11.30"]
[SourceQuality "1"]

1. e4 c5 2. Nf3 d6 3. d4 cxd4 4. Nxd4 Nf6 5. Nc3 g6 6. Be3 Bg7 7. f3 0-0 8. Qd2 Nc6 9. 0-0-0 d5 10. Qe1 e5 11. Nxc6 bxc6 12. exd5 cxd5 13. Bg5 h6 14. Bxf6 Qxf6 15. Nxd5 Qd6 16. Bc4 Be6 17. Nf6+ 1-0

[Event "Santiago de Compostela Bicapawn GP B3"]
[Site "Santiago de Compostela"]
[Date "2022.10.20"]
[Round "8"]
[White "Varela Fernandez, Andres"]
[Black "Martinez Ramirez, Lennis"]
[Result "0-1"]
[WhiteElo "2042"]
[BlackElo "2431"]
[PlyCount "70"]
[EventDate "2022.10.20"]
[EventType "swiss (blitz)"]
[EventRounds "9"]
[EventCountry "ESP"]
[SourceTitle "CBM 210 Extra"]
[Source "ChessBase"]
[SourceDate "2022.11.30"]
[SourceVersion "1"]
[SourceVersionDate "2022.11.30"]
[SourceQuality "1"]

1. e4 c5 2. d3 Nc6 3. g3 g6 4. Bg2 Bg7 5. f4 e6 6. Nf3 Nge7 7. 0-0 d5 8. e5 0-0 9. Nc3 f6 10. exf6 Rxf6 11. Re1 Qc7 12. d4 cxd4 13. Nb5 Qb6 14. Nbxd4 Nf5 15. c3 Nfxd4 16. cxd4 Rf8 17. Be3 Qxb2 18. Re2 Qa3 19. Rb1 b6 20. Rb3 Qd6 21. Ne5 Ba6 22. Rc2 Na5 23. Rbc3 Rac8 24. Rxc8 Rxc8 25. h3 Nc4 26. Bf2 Qb4 27. Kh2 Nxe5 28. fxe5 Rc4 29. Rxc4 Qxc4 30. Qb1 Bh6 31. h4 Bd2 32. Bh3 Kf7 33. h5 Qe2 34. hxg6+ hxg6 35. Bxe6+ Ke7 0-1

[Event "Sanxenxo Carlos op 9th"]
[Site "Sanxenxo"]
[Date "2017.06.23"]
[Round "7"]
[White "Varela Fernandez, Andres"]
[Black "Gonzalez Perez, Arian"]
[Result "0-1"]
[WhiteElo "2012"]
[BlackElo "2476"]
[PlyCount "52"]
[EventDate "2017.06.17"]
[EventType "swiss"]
[EventRounds "9"]
[EventCountry "ESP"]
[SourceTitle "CBM 179 Extra"]
[Source "ChessBase"]
[SourceDate "2017.08.23"]
[SourceVersion "1"]
[SourceVersionDate "2017.08.23"]
[SourceQuality "1"]

1. e4 g6 2. g3 d5 3. d3 Bg7 4. Nd2 e5 5. Bg2 d4 6. Ne2 h5 7. h4 Nf6 8. f4 Ng4 9. Nf3 c5 10. fxe5 Nc6 11. Nf4 Ncxe5 12. Nd5 Be6 13. Bf4 Bxd5 14. Nxe5 Bxe5 15. Bxe5 Nxe5 16. exd5 Ng4 17. Qf3 Ne3 18. Kd2 0-0 19. Rhe1 Re8 20. Re2 Qa5+ 21. Kc1 Rad8 22. a3 Kg7 23. Kb1 Rd6 24. Qf2 Rb6 25. Ka2 Rxb2+ 26. Kxb2 Qc3+ 0-1

[Event "Sanxenxo Carlos op 4th"]
[Site "Sanxenxo"]
[Date "2012.06.28"]
[Round "6"]
[White "Pazos Porta, Antonio"]
[Black "Varela Fernandez, Andres"]
[Result "1-0"]
[WhiteElo "2319"]
[BlackElo "1742"]
[PlyCount "95"]
[EventDate "2012.06.23"]
[EventType "swiss"]
[EventRounds "9"]
[EventCountry "ESP"]
[SourceTitle "CBM 149 Extra"]
[Source "ChessBase"]
[SourceDate "2012.08.24"]
[SourceVersion "1"]
[SourceVersionDate "2012.08.24"]
[SourceQuality "1"]

1. e4 c5 2. Nf3 d6 3. g3 Nc6 4. Bg2 g6 5. d4 cxd4 6. Nxd4 Bg7 7. Ne2 Nf6 8. Nbc3 0-0 9. 0-0 Qd7 10. a4 b6 11. Re1 Bb7 12. Nd5 Rac8 13. h3 Rfd8 14. Bg5 Ne5 15. b3 Nxd5 16. exd5 Qc7 17. Ra2 h6 18. Be3 Re8 19. c4 Kh7 20. Nd4 a6 21. Rae2 e6 22. f4 Nd7 23. dxe6 fxe6 24. Bxb7 Qxb7 25. Bf2 e5 26. f5 Nf6 27. fxg6+ Kxg6 28. Qb1+ Kf7 29. Nf5 Bf8 30. Qc1 Qf3 31. Nh4 Qxb3 32. Rb2 Qxc4 33. Qb1 e4 34. Rxb6 d5 35. Rf1 Re6 36. Nf5 Rxb6 37. Qxb6 Qc6 38. Qd4 Kg6 39. Nh4+ Kh7 40. Qe5 Re8 41. Qf5+ Kg8 42. Bd4 Bg7 43. Qg6 Rf8 44. Nf5 Qd7 45. Bxf6 Rxf6 46. Nxh6+ Kf8 47. Rxf6+ Bxf6 48. Qxf6+ 1-0

[Event "Gallego-ch U18"]
[Site "Pontedeume A Coruna"]
[Date "2010.02.15"]
[Round "5.12"]
[White "Larrosa Villanueva, Uxia"]
[Black "Varela Fernandez, Andres"]
[Result "1/2-1/2"]
[WhiteElo "1582"]
[BlackElo "1632"]
[PlyCount "48"]
[EventDate "2010.02.13"]
[EventType "swiss"]
[EventRounds "8"]
[EventCountry "ESP"]
[SourceTitle "EXT 2024"]
[Source "ChessBase"]
[SourceDate "2023.10.10"]
[SourceVersion "1"]
[SourceVersionDate "2023.10.10"]
[SourceQuality "1"]

1. e4 c5 2. Nf3 Nc6 3. d4 cxd4 4. Nxd4 g6 5. Be3 Bg7 6. Bc4 d6 7. Nc3 Nf6 8. f3 0-0 9. Qd2 Bd7 10. Bb3 Rc8 11. 0-0-0 Re8 12. Bh6 Bh8 13. g4 Nxd4 14. Qxd4 Nxg4 15. Qd2 Nxh6 16. Qxh6 Rc5 17. Rdg1 Qc8 18. Bxf7+ Kxf7 19. Qxh7+ Ke6 20. Rxg6+ Bf6 21. Qh3+ Kf7 22. Qh7+ Ke6 23. Qh3+ Kf7 24. Qh7+ Ke6 1/2-1/2